آوارا مسيحا (Record no. 164624)

MARC details
000 -LEADER
fixed length control field 00684nam a22002297a 4500
005 - DATE AND TIME OF LATEST TRANSACTION
control field 20190523144426.0
008 - FIXED-LENGTH DATA ELEMENTS--GENERAL INFORMATION
fixed length control field 090109t xxu||||| |||| 00| 0urd d
010 ## - LCCN (DPL NO)
LC control number B-283680
020 ## - INTERNATIONAL STANDARD BOOK NUMBER
Terms of availability 150.00
International Standard Book Number -
035 ## - SYSTEM CONTROL NUMBER
System control number B-283680
037 ## - SOURCE OF ACQUISITION
Source of stock number/acquisition BPPD/Ven
040 ## - CATALOGING SOURCE
Original cataloging agency DPL
Language of cataloging Urd.
082 ## - DEWEY DECIMAL CLASSIFICATION NUMBER
Classification number ن
100 ## - MAIN ENTRY--PERSONAL NAME
9 (RLIN) 12785
Personal name وشنو پربھاکر
245 ## - TITLE STATEMENT
Title آوارا مسيحا
Remainder of title وشنو پربھاکر
246 ## - VARYING FORM OF TITLE
Title proper/short title Awara Masiha
Remainder of title by Vishnu Parbhakar
260 ## - PUBLICATION, DISTRIBUTION, ETC. (IMPRINT)
Place of publication, distribution, etc Delhi
Date of publication, distribution, etc 2008
Name of publisher, distributor, etc National Book Trust
270 ## - ADDRESS
Address A-5, Green Park
City New Delhi
Postal code 110016
Fax number -
300 ## - PHYSICAL DESCRIPTION
Extent 564 ص
Dimensions 22 س م (Hb)
700 ## - ADDED ENTRY--PERSONAL NAME
9 (RLIN) 34961
Personal name Translated By Rashid Sahvani
942 ## - ADDED ENTRY ELEMENTS (KOHA)
Source of classification or shelving scheme Dewey Decimal Classification
Item type Urdu Bks
Classification part ن
Call number suffix و ش ن
Edition 2nd
Holdings
Withdrawn status Lost status Source of classification or shelving scheme Damaged status Not for loan Home library Current library Shelving location Date acquired Cost, normal purchase price Total Checkouts Full call number Barcode Date last seen Copy number Cost, replacement price Koha item type
    Dewey Decimal Classification     Shahdara Branch Shahdara Branch Book Cart 23/05/2019 150.00   و ش ن B-283680 23/05/2019 1 150.00 Urdu Bks

© Delhi Public Library
Hit Counter
free hit counter